Statistiche per Paesi più Grandi del Venezuela

Clicka qui per fare il quiz!

Statistiche generali

  • Questo quiz è stato fatto 33 volte
  • Il punteggio medio è 26 su 31

Statistiche sulle risposte

SuperficiePaese% Corretto
9,596,961Cina
100%
1,564,116Mongolia
100%
17,098,242Russia
100%
2,381,741Algeria
92%
2,780,400Argentina
92%
7,741,220Australia
92%
8,514,877Brasile
92%
9,984,670Canada
92%
1,138,910Colombia
92%
3,287,263India
92%
2,724,900Kazakistan
92%
1,759,540Libia
92%
1,964,375Messico
92%
2,344,858Rep. Dem. del Congo
92%
9,826,675Stati Uniti
92%
1,861,484Sudan
92%
1,246,700Angola
83%
2,149,690Arabia Saudita
83%
1,284,000Ciad
83%
1,001,450Egitto
83%
1,267,000Niger
83%
1,219,090Sudafrica
83%
1,104,300Etiopia
75%
1,904,569Indonesia
75%
1,648,195Iran
75%
1,240,192Mali
75%
1,030,700Mauritania
75%
923,768Nigeria
75%
1,098,581Bolivia
67%
1,285,216Perù
67%
947,300Tanzania
67%

Distribuzione punteggi

Percentile per numero di risposta

Percentuale di utenti per punteggio

I tuoi punteggi nel tempo

Non hai fatto questo quiz